000 00575nam a2200217Ia 4500
005 20241129120325.0
008 241129s9999||||xx |||||||||||||| ||und||
020 _a9788126726905
037 _aTB
040 _aSDCL
_beng
_cSDCL
041 _ahin
_2hin
084 _aO152,1N:g R3
_qSDCL
100 _aNaval Nandkishore
_9393370
245 0 _aHindi Kavita : Abhi,Bilkul Abhi
260 _aDelhi
_bRajkamal Prakashan India
_c2023
300 _a255p
365 _aINR
_b995
650 _aHindi
942 _cTB
_hO152,1N:g R3
999 _c1234339
_d1234339